Statistics for English Contractions Quiz

Click here to take the quiz!

General Stats

  • This quiz has been taken 90,659 times
    (90,623 since last reset)
  • The average score is 26 of 30

Answer Stats

ContractionStands For% Correct
Y'allYou all
99%
Could'veCould have
99%
Don'tDo not
99%
Can'tCan not
99%
We'reWe are
99%
DrDoctor
97%
A'ightAll right
97%
MrMister
96%
JrJunior
96%
C'monCome on
96%
G'dayGood day
96%
Let'sLet us
95%
WannabeWant to be
95%
I'd'veI would have
95%
GonnaGoing to
95%
DunnoDo not know
94%
'TilUntil
94%
'SupWhat is up?
93%
O'erOver
92%
SgtSergeant
91%
Ma'amMadam
91%
N'erNever
90%
Shan'tShall not
87%
'EmThem
85%
Yes'mYes madam
82%
I'mmaI am going to
76%
Mo'More
75%
InnitIs not it
64%
GoodbyeGod be with ye
13%
ZoundsGod's wounds
8%

Score Distribution

Percentile by Number Answered

Percent of People with Each Score

Your Score History

You have not taken this quiz since the last reset